00573nam a22001697a 450000500170000001000130001702000140003003500110004403700160005508200110007110000330008224500830011524600600019826000490025827000730030730000230038020200309113336.0 aUR-10733 c200.00a- aU-9288 bDBAD/PUBa- a844.08 aعطا ء ا للہ خا ن  aتحقيقی مضا مين ا و ر تبصر ے cعطا ء ا للہ خا ن  bTehqeeqi Mazameen Aur Tabsare (Urdu)aby Ataullah Khan aDelhibEducational publishing Housec2019 ء a3191,Vakil Street,Kucha Pandit,Lal Kuan,bDelhie110006k23216162l- a236 ص c22 Cm(Hb)